000 00573nam a2200193Ia 4500
003 GCL
008 140319s9999 xx 000 0 eng d
040 _aGCL /
_cGCL
082 0 4 _a338.9
_bE P
100 1 _aEL SHAFEI, A.M.N
245 1 0 _aTHE POPULATION FRAMEWORK: DATA COLLECTION, DEMOGRAPHIC ANALYSIS POPULATION AND DEVELOPMENT /
_cEL SHAFEI, A.M.N
700 1 _aKHALIFA, A.M
260 _a[S.N] :
_bECONOMIC COMMISSION FOR WESTERN ،
_c1978
300 _a310 P
650 0 4 _aECONOMICS
650 0 4 _aECONOMIC DEVELOPMENT
650 0 4 _aPOPULATION
942 _2ddc
_cBK
999 _c15243
_d15243